¡Derribad al verdugo! (Record no. 72999)
[ view plain ]
| 000 -LEADER | |
|---|---|
| campo de control de longitud fija | 00573nam a2200181 i 4500 |
| 001 - NÚMERO DE CONTROL | |
| campo de control | 72999 |
| 003 - IDENTIFICADOR DE NÚMERO DE CONTROL | |
| campo de control | ES-MaACL |
| 005 - FECHA Y HORA DE LA ÚLTIMA TRANSACCIÓN | |
| campo de control | 20250808034525.0 |
| 007 - CAMPO FIJO DE DESCRIPCIÓN FÍSICA--INFORMACIÓN GENERAL | |
| campo de control de longitud fija | t| |
| 008 - DATOS DE LONGITUD FIJA--INFORMACIÓN GENERAL | |
| campo de control de longitud fija | 040906s1977 sp ||||1| spa d |
| 100 1# - ENTRADA PRINCIPAL--NOMBRE DE PERSONA | |
| Nombre de persona | Gómez de Armijo, Tomás. |
| 9 (RLIN) | 57883 |
| 245 10 - MENCIÓN DEL TÍTULO | |
| Título | ¡Derribad al verdugo! |
| Resto del título | : (reflexiones en torno a la pena de muerte) / |
| Mención de responsabilidad, etc. | Tomás Gómez de Armijo. |
| 260 ## - PUBLICACIÓN, DISTRIBUCIÓN, ETC. | |
| Lugar de publicación, distribución, etc. | [Madrid] : |
| Nombre del editor, distribuidor, etc. | A. Q., |
| Fecha de publicación, distribución, etc. | [1977] |
| 300 ## - DESCRIPCIÓN FÍSICA | |
| Extensión | 234 p., 1 lám. ; |
| Dimensiones | 21 cm. |
| 650 07 - PUNTO DE ACCESO ADICIONAL DE MATERIA--TÉRMINO DE MATERIA | |
| Término de materia o nombre geográfico como elemento de entrada | Pena de muerte |
| Fuente del encabezamiento o término | embne |
| 9 (RLIN) | 15915 |
| 852 ## - LOCALIZACIÓN | |
| Ubicación | ES-MaACL |
| Número de control de estantería | C-38916 |
| Sublocalización o colección | R.99693 |
| Estatus retirado | Estado de pérdida | Estado de daño | No para préstamo | Biblioteca de origen | Biblioteca actual | Ubicación en estantería | Fecha de adquisición | Fuente de adquisición | Total de préstamos | Signatura topográfica completa | Código de barras | Visto por última vez | Precio de reemplazo | Tipo de ítem Koha |
|---|---|---|---|---|---|---|---|---|---|---|---|---|---|---|
| Biblioteca del Ateneo de Madrid | Biblioteca del Ateneo de Madrid | Depósito 2 | 17/01/2008 | C-38916 | 1076415 | 23/02/2023 | 23/02/2023 | Libro impreso |
